ការកែលំអរសត្តឃាតដ្ឋាន នៅរាជធានីភ្នំពេញ, (Record no. 1576)
[ view plain ]
| 000 -LEADER | |
|---|---|
| fixed length control field | 00508nam a22001577a 4500 |
| 003 - CONTROL NUMBER IDENTIFIER | |
| control field | OSt |
| 005 - DATE AND TIME OF LATEST TRANSACTION | |
| control field | 20151001112703.0 |
| 008 - FIXED-LENGTH DATA ELEMENTS--GENERAL INFORMATION | |
| fixed length control field | 151001b xxu||||| |||| 00| 0 eng d |
| 040 ## - CATALOGING SOURCE | |
| Transcribing agency | RUA |
| 082 ## - DEWEY DECIMAL CLASSIFICATION NUMBER | |
| Classification number | AVM ឈុន 1993 B067 Or.1 |
| 100 ## - MAIN ENTRY--PERSONAL NAME | |
| 9 (RLIN) | 1672 |
| Personal name | ឈុន បូរ៉ាមី |
| 245 ## - TITLE STATEMENT | |
| Title | ការកែលំអរសត្តឃាតដ្ឋាន នៅរាជធានីភ្នំពេញ, |
| 260 ## - PUBLICATION, DISTRIBUTION, ETC. (IMPRINT) | |
| Place of publication, distribution, etc. | phnom penh |
| Name of publisher, distributor, etc. | RUA |
| Date of publication, distribution, etc. | 1993 |
| 300 ## - PHYSICAL DESCRIPTION | |
| Extent | 76p. |
| Other physical details | ill. |
| Dimensions | 29cm. |
| 942 ## - ADDED ENTRY ELEMENTS (KOHA) | |
| Source of classification or shelving scheme | |
| Koha item type | AVM |
| Price effective from | Date last seen | Permanent Location | Not for loan | Date acquired | Source of classification or shelving scheme | Koha item type | Lost status | Withdrawn status | Date last checked out | Total Checkouts | Shelving location | Damaged status | Barcode | Current Location | Full call number |
|---|---|---|---|---|---|---|---|---|---|---|---|---|---|---|---|
| 2015-10-01 | 2015-10-01 | Library Block B | 2015-10-01 | AVM | B067 | RUA007434 | Library Block B | AVM ឈុន 1993 B067 Or.1 | |||||||
| 2015-10-01 | 2015-10-01 | Library Block B | 2015-10-01 | AVM | B067 | RUA008323 | Library Block B | AVM ឈុន 1993 B067 Or.2 | |||||||
| 2015-10-01 | 2015-10-01 | Library Block B | 2015-10-01 | AVM | B067 | RUA008363 | Library Block B | AVM ឈុន 1993 B067 Or.3 | |||||||
| 2015-10-01 | 2016-10-26 | Library Block B | 2015-10-01 | AVM | 2016-10-10 | 1 | B067 | RUA007013 | Library Block B | AVM ឈុន 1993 B067 Or.4 | |||||
| 2015-10-01 | 2015-10-01 | Library Block B | 2015-10-01 | AVM | B067 | RUA007596 | Library Block B | AVM ឈុន 1993 B067 Or.5 | |||||||
| 2015-10-01 | 2015-10-01 | Library Block B | 2015-10-01 | AVM | B067 | RUA007567 | Library Block B | AVM ឈុន 1993 B067 Or.6 |